Welcome to the Holygrace Academy Library

Please use search bar below to get started

THE TWO K'S (Record no. 5165)

MARC details
000 -LEADER
fixed length control field 00237nam a22001097a 4500
082 ## - DEWEY DECIMAL CLASSIFICATION NUMBER
Classification number 823
Item number OWE/T
100 ## - MAIN ENTRY--AUTHOR NAME
Personal name OWEN, CHRISTINA T
245 ## - TITLE STATEMENT
Title THE TWO K'S
520 ## - SUMMARY, ETC.
Summary, etc ENGLISH SHORT STORIES
650 ## - SUBJECT ADDED ENTRY--TOPICAL TERM
Topical Term ENGLISH SHORT STORIES
942 ## - ADDED ENTRY ELEMENTS (KOHA)
Koha item type Books
Holdings
Withdrawn status Lost status Collection code Home library Current library Shelving location Date acquired Source of acquisition Full call number Accession Number Koha item type
    Fiction Main Library Main Library SHELF 3- I- ENGLISH CHILDRENS LITERATURE &MYTHOLOGY 06/03/2012 PURCHASE 823 OWE/T 06304 Books